Christmas Angels - Statistics

General Stats
  • This quiz has been taken 13 times
  • The average score is 6 of 14
Answer Stats
Hint Answer % Correct
Hark the ____ angels sing herald
82%
Angels we have heard on ___ high
82%
(O Come, All Ye Faithful) Come and behold Him, born the ____ of angels King
82%
The first ___ the angel did say noel
82%
(I Saw Three Ships) And all the angels in ____ shall sing heaven
45%
Angels from the ____ of glory realms
36%
(Ding Dong, Merrily on High) Ding dong merrily the sky is riv'n with angel ____ singing
36%
(O Holy Night) Fall on your knees, O hear the angel ____ voices
36%
(What Child Is This?) Whom angels greet with ____ sweet anthems
27%
(It Came Upon the Midnight Clear) From angels ____ near the earth bending
27%
(God Rest Ye Merry, Gentlemen) From God our Heavenly Father a _____ angel came blessed
27%
(O Come, Little Children) And purer than angels, the Heavenly ____ Child
27%
(In the Bleak Midwinter) Angels and ___angels may have gathered there arch
18%
(O Little Town of Bethlehem) While ____ sleep the angels keep their watch of wondering love mortals
18%
No matching quizzes found
Score Distribution
Percent of People with Each Score
Percentile by Number Answered
Your Score History
You have not taken this quiz